ALL Drag Race Italia Queens A-Z - Statistics

General Stats
  • This quiz has been taken 57 times
    50 since last reset
  • The average score is 26 of 31
Answer Stats
Season Drag Queen % Correct
๐Ÿ‡ฎ๐Ÿ‡น 2๐ŸŒŽโญ 1 Nehellenia
100%
๐Ÿ‡ฎ๐Ÿ‡น 1 Farida Kant
96%
๐Ÿ‡ฎ๐Ÿ‡น 2 La Diamond
96%
๐Ÿ‡ฎ๐Ÿ‡น 3 Lina Galore
96%
๐Ÿ‡ฎ๐Ÿ‡น 1 Elecktra Bionic
91%
๐Ÿ‡ฎ๐Ÿ‡น 3 Melissa Bianchini
91%
๐Ÿ‡ฎ๐Ÿ‡น 1 Divinity
87%
๐Ÿ‡ฎ๐Ÿ‡น 1 Enorma Jean
87%
๐Ÿ‡ฎ๐Ÿ‡น 2 Gioffrรฉ
87%
๐Ÿ‡ฎ๐Ÿ‡น 1 Ivana Vamp
87%
๐Ÿ‡ฎ๐Ÿ‡น 3 La Sheeva
87%
๐Ÿ‡ฎ๐Ÿ‡น 3 Leila Yarn
87%
๐Ÿ‡ฎ๐Ÿ‡น 1 Luquisha Lubamba
87%
๐Ÿ‡ฎ๐Ÿ‡น 3 Adriana Picasso
83%
๐Ÿ‡ฎ๐Ÿ‡น 1 Ava Hangar
83%
๐Ÿ‡ฎ๐Ÿ‡น 2 La Petite Noire
83%
๐Ÿ‡ฎ๐Ÿ‡น 3 La Prada
83%
๐Ÿ‡ฎ๐Ÿ‡น 1 Le Riche
83%
๐Ÿ‡ฎ๐Ÿ‡น 2 Obama
83%
๐Ÿ‡ฎ๐Ÿ‡น 2 Panthera Virus
83%
๐Ÿ‡ฎ๐Ÿ‡น 3 Silvana della Magliana
83%
๐Ÿ‡ฎ๐Ÿ‡น 2 Skandalove
83%
๐Ÿ‡ฎ๐Ÿ‡น 3 Sypario
83%
๐Ÿ‡ฎ๐Ÿ‡น 3 Amy Krania
78%
๐Ÿ‡ฎ๐Ÿ‡น 2 Aura Eternal
78%
๐Ÿ‡ฎ๐Ÿ‡น 3 Lightning Aurora
78%
๐Ÿ‡ฎ๐Ÿ‡น 3 Morgana Cosmica
78%
๐Ÿ‡ฎ๐Ÿ‡น 2 Narciso
78%
๐Ÿ‡ฎ๐Ÿ‡น 3 Sissy Lea
78%
๐Ÿ‡ฎ๐Ÿ‡น 2 Tanissa Yoncรจ
74%
๐Ÿ‡ฎ๐Ÿ‡น 3 Vezirja
74%
No matching quizzes found
Score Distribution
Percent of People with Each Score
Percentile by Number Answered
Your Score History
You have not taken this quiz since the last reset